000 00544nam a2200229Ia 4500
003 OSt
005 20231109092217.0
008 210210b1954 xxu||||| |||| 00| 0 eng d
040 _cAL
041 _aeng
082 _a956/15
100 _aDAVIES (H A)
_9141302
245 _aOutline history of the world
260 _bOxford University Press
_c1954
300 _a576
650 _aworld
_9141303
650 _aOutline
_9141304
650 _ahistory
_9141305
690 _aWorld History
_9141306
906 _a002248
942 _2ddc
_cBK
999 _c121200
_d121200